000 00319nam a2200133Ia 4500
008 240624s9999 xx 000 0 und d
041 _aeng
082 _a823 MOH
100 _aMOHAN ANSHUMAN
245 _aPOTATO CHIPS
260 _c2010
_aNew Delhi
_bHarper Collins Publishers
300 _a272 : p.
365 _cRS
_b27
999 _c15540
_d15540